000 01719nam a2200241Ia 4500
999 _c42052
_d42052
001 8742
003 GE_BSU
005 20240522105137.0
008 181216s2013||||ge |||||||||||||| ||geo||
020 _a9789941214295
040 _cGE_BSU
041 _aGEO
080 _a27-36(479.22) ჯ-38
245 _aჯვარცმული საქართველო : წმინდა მეფენი : არჩილი,ლუარსაბი და დემეტრე თავდადებული, ცხრა ძმა ხერხეულიძე, მარაბდის ველზე მოწყვეტილი 9000 ქართველი /
_cშემდგ. კახაბერ კენკიშვილი ; პროექტის რედ. თამარ მამაციშვილი.
264 _aთბილისი :
_bპალიტრა L,
_c2013.
300 _a197გვ. ;
_c20 სმ.
490 _aსაქართველოს იმედი : ყველა წმინდანი, რომელთა შესახებაც უნდა იცოდე, 2298-0547 / პროექტის რედ. თამარ მამაცაშვილი.
_vწ. 34
500 _aიბეჭდება სრ. საქ. კათოლიკოს-პატრიარქის ილია II-ის ლოცვა-კურთხევით
504 _aბიბლიოგრ. გვ. 196
653 _aჯვარცმული საქართველო წმინდა მეფენი
700 _aმამაცაშვილი, თამარ
_eრედაქტორი
_922123
942 _cBK
_2udc